Riconosci lo Stato - Quiz n°11 - Statistics

Statistiche generali
  • Questo quiz è stato fatto 97 volte
  • Il punteggio medio è 11 su 13
Statistiche sulle risposte
Indizio Risposta % Corretto
Iniziale della Capitale M
97%
Valuta Riyal
96%
Fuso Orario UTC+4
95%
Superficie 309.501 km²
93%
Popolazione 4.527.000 ab.
91%
Indipendenza 751 dagli Abbasidi (protettorato britannico dal 1891 al 1971)
89%
Sultano Haytham bin Ṭāriq bin Taymūr Āl Saʿīd
89%
Capo di Governo Fahd bin Maḥmūd Āl Saʾīd
84%
PIL (nominale) 78 290 milioni di $ (2012)
83%
Forma di Governo Monarchia assoluta di carattere islamico (Sultanato)
83%
Tasso di crescita 2,07% (
81%
ISU 0,816
80%
Risposta Oman
77%
Nessun quiz corrispondente trovato
Distribuzione punteggi
Percentuale di utenti per punteggio
Percentile per numero di risposta
I tuoi punteggi nel tempo
Non hai fatto questo quiz